000
00299nam a2200121Ia 4500
005
20251222144723.0
008
251222s9999||||xx |||||||||||||| ||spa||
082
_a
278.61/F41
100
_a
Fernández Barrajón, Alejandro
245
0
_a
Mercedarios hoy
264
_b
Orden de la Merced
942
_c
LIB
999
_c
18267
_d
18267